|
|
|
|
| LEADER |
01638nam a2200301 a 4500 |
| 001 |
580340 |
| 008 |
100517r20041991nyua b 001 0 eng d |
| 010 |
|
|
|a 90020608
|
| 020 |
|
|
|a 0074600818
|
| 020 |
|
|
|a 0070522634 :
|c $49.95
|
| 040 |
|
|
|a DLC
|c DLC
|d DLC
|d DB-DhAAL
|
| 082 |
0 |
0 |
|a 006.3
|2 20
|
| 100 |
1 |
|
|a Rich, Elaine.
|
| 245 |
1 |
0 |
|a Artificial intelligence /
|c Elaine Rich, Kevin Knight.
|
| 250 |
|
|
|a 2nd ed.
|
| 260 |
|
|
|a New York ;
|a New Delhi :
|b Tata McGraw-Hill,
|c c1991.[reprinted 2004]
|
| 300 |
|
|
|a xvii, 621 p. :
|b ill. ;
|c 25 cm.
|
| 504 |
|
|
|a Includes bibliographical references (p. 583-603) and indexes.
|
| 541 |
1 |
|
|e 00015169
|
| 650 |
|
0 |
|a Artificial intelligence.
|
| 700 |
1 |
|
|a Knight, Kevin.
|
| 852 |
4 |
|
|a Ayesha Abed Library
|j General Shelf.
|
| 999 |
|
|
|c 8636
|d 8636
|
| 952 |
|
|
|0 0
|1 0
|2 ddc
|4 0
|6 006_300000000000000_RIC_2004
|7 0
|9 10304
|a BRACUL
|b BRACUL
|c GEN
|d 2010-05-18
|l 1
|o 006.3 RIC
|p 3010015169
|r 2019-12-17
|s 2019-12-15
|t 1
|w 2010-05-18
|y BK
|
| 952 |
|
|
|0 0
|1 0
|2 ddc
|4 0
|6 006_300000000000000_RIC_2004
|7 0
|9 13088
|a BRACUL
|b BRACUL
|c GEN
|d 2010-11-06
|l 2
|m 23
|o 006.3 RIC
|p 3010015167
|r 2022-06-23
|s 2022-04-13
|t 2
|w 2010-11-06
|y BK
|
| 952 |
|
|
|0 0
|1 0
|2 ddc
|4 0
|6 006_300000000000000_RIC_2004
|7 0
|9 13089
|a BRACUL
|b BRACUL
|c GEN
|d 2010-11-06
|l 2
|m 13
|o 006.3 RIC
|p 3010015168
|r 2018-10-16
|s 2018-07-28
|t 3
|w 2010-11-06
|y BK
|
| 952 |
|
|
|0 0
|1 0
|2 ddc
|4 0
|6 006_300000000000000_RIC_2004
|7 0
|9 13090
|a BRACUL
|b BRACUL
|c GEN
|d 2010-11-06
|l 4
|m 19
|o 006.3 RIC
|p 3010015165
|r 2022-10-27
|s 2022-06-09
|t 4
|w 2010-11-06
|y BK
|
| 952 |
|
|
|0 0
|1 0
|2 ddc
|4 0
|6 006_300000000000000_RIC_2004
|7 0
|9 13091
|a BRACUL
|b BRACUL
|c GEN
|d 2010-11-06
|l 4
|m 33
|o 006.3 RIC
|p 3010015166
|r 2025-10-16
|s 2025-07-08
|t 5
|w 2010-11-06
|y BK
|